|
|
|
|
| LEADER |
00000nam0a2200000 4500 |
| 001 |
323220 |
| 005 |
20231102003541.0 |
| 010 |
|
|
|b 6000 экз.
|
| 035 |
|
|
|a (RuTPU)RU\TPU\book\348778
|
| 090 |
|
|
|a 323220
|
| 100 |
|
|
|a 20161012d1921 m y0rusy50 ca
|
| 101 |
1 |
|
|a rus
|c eng
|
| 102 |
|
|
|a RU
|
| 105 |
|
|
|a y z 000zy
|
| 200 |
1 |
|
|a Двенадцать принципов производительности
|h Вып. 1
|f Г. Эмерсон
|g Технический Комитет Народного комиссариата путей сообщения, Редакция Специальных Изданий ; перевод под ред. Б. Д. Воскресенского и Э. П. Цизаревич
|
| 210 |
|
|
|a Москва
|c Типо-Литография Народного Комиссариата Путей Сообщения
|d 1921
|
| 215 |
|
|
|a 178 с.
|
| 300 |
|
|
|a На обложке и тит. л. указан автор: Х. Эмерсон
|
| 316 |
|
|
|5 63413507: М-132185
|a На обложке и титульном листе владельческая подпись: "Бутаков"
|
| 317 |
|
|
|5 63413507: М-132185
|a Поступила в НТБ в 1970 г. в составе книжного собрания профессора ТПИ И. Н. Бутакова
|
| 606 |
1 |
|
|a Промышленные предприятия
|x Управление
|x Моделирование
|2 stltpush
|3 (RuTPU)RU\TPU\subj\52702
|9 71105
|
| 610 |
1 |
|
|a производительность труда
|
| 610 |
1 |
|
|a владельческая надпись
|
| 610 |
1 |
|
|a библиотека И. Н. Бутакова
|
| 610 |
1 |
|
|a идеалы
|
| 610 |
1 |
|
|a здравый смысл
|
| 610 |
1 |
|
|a компетентность
|
| 610 |
1 |
|
|a дисциплина
|
| 610 |
1 |
|
|a справедливость
|
| 610 |
1 |
|
|a отчетность
|
| 675 |
|
|
|a 658.012
|v 4
|
| 700 |
|
1 |
|a Эмерсон
|b Г.
|c американский предприниматель
|c классик менеджмента
|f 1853-1931
|g Гаррингтон
|2 stltpush
|3 (RuTPU)RU\TPU\pers\25598
|9 11527
|
| 702 |
|
1 |
|a Воскресенский
|b Б. Д.
|4 340
|
| 702 |
|
1 |
|a Цизаревич
|b Э. П.
|4 340
|
| 712 |
0 |
1 |
|a СССР
|b Народный комиссариат путей сообщения (НКПС)
|b Высший Технический Комитет
|b Редакция Специальных Изданий
|c (1923-1946)
|2 stltpush
|3 (RuTPU)RU\TPU\col\4982
|
| 801 |
|
1 |
|a RU
|b 63413507
|c 20161012
|
| 801 |
|
2 |
|a RU
|b 63413507
|c 20190724
|g RCR
|
| 942 |
|
|
|c BK
|